Statistics for Language Families

Click here to take the quiz!

General Stats

  • This quiz has been taken 29 times
  • The average score is 6 of 12

Answer Stats

Major LanguagesAnswer% Correct
Spanish, English, Hindustani, FrenchIndo-European
92%
Kannada, MalayalamDravidian
76%
Malay, Javanese, TagalogAustronesian
68%
Chinese, Burmese, Amdo, KhamSino-Tibetan
64%
Zulu, Yoruba, Igbo, FulaNiger-Congo
60%
Luo, Kanuri, SonghayNilo-Saharan
52%
Vietnamese, Khmer, MonAustroasiatic
48%
Thai, LaoKra-Dai
40%
Ixcatec, Matlatzinca, Me'phaaOto-Manguean
28%
Melpa, Kunan, Enga, HuliTrans–New Guinea
28%
Wiradjuri, Adnyamathanha, PitjantjatjaraAboriginal
12%
Arawa, Bora-Muinane, Guato,Tupian
8%

Score Distribution

Percentile by Number Answered

Percent of People with Each Score

Your Score History

You have not taken this quiz